Catálogo

Vista normal Vista MARC

Entrada Personal Name

Número de registros utilizados en: 1

001 - CONTROL NUMBER

  • control field: 17563

003 - CONTROL NUMBER IDENTIFIER

  • control field: DLC

005 - DATE AND TIME OF LATEST TRANSACTION

  • control field: 20251007123836.0

008 - FIXED-LENGTH DATA ELEMENTS

  • fixed length control field: 800508n| azannaabn |a aaa

010 ## - LIBRARY OF CONGRESS CONTROL NUMBER

  • LC control number: n 50016688

024 7# - OTHER STANDARD IDENTIFIER

  • Standard number or code: 0000000110208831
  • Source of number or code: isni

035 ## - SYSTEM CONTROL NUMBER

  • System control number: (OCoLC)oca00052141

040 ## - CATALOGING SOURCE

  • Original cataloging agency: DLC
  • Language of cataloging: spa
  • Description conventions: rda
  • Transcribing agency: Mx-PuUPA
  • Modifying agency: DLC
  • Modifying agency: NL-TiUL
  • Modifying agency: OCoLC
  • Modifying agency: Mx-PuUPA

046 ## - SPECIAL CODED DATES

  • Birth date: 18611102
  • Death date: 19490604
  • Source of date scheme: edtf

100 1# - HEADING--PERSONAL NAME

  • Personal name: Blondel, Maurice,
  • Dates associated with a name: 1861-1949

370 ## - ASSOCIATED PLACE

  • Place of birth: Dijon (Francia)
  • Place of death: Aix-en-Provence (Francia)
  • Other associated place: Paris (Francia)
  • Other associated place: Cachan (Francia)
  • Source of term: naf

372 ## - FIELD OF ACTIVITY

  • Field of activity: Metafísica
  • Field of activity: Filosofía
  • Source of term: lcsh

372 ## - FIELD OF ACTIVITY

  • Field of activity: Relación entre inmanencia y trascendencia

373 ## - ASSOCIATED GROUP

  • Associated group: Escuela Normal Superior (Cachan, Francia)
  • Source of term: naf
  • Start period: 1881
  • End period: 1886

373 ## - ASSOCIATED GROUP

  • Associated group: Universidad de Paris
  • Source of term: naf

374 ## - OCCUPATION

  • Occupation: Filósofo
  • Occupation: Autor
  • Source of term: lcsh

375 ## - GENDER

  • Gender: hombre

377 ## - ASSOCIATED LANGUAGE

  • Language code: fre

400 1# - SEE FROM TRACING--PERSONAL NAME

  • Personal name: Blondel, M.
  • Fuller form of name: (Maurice),
  • Dates associated with a name: 1861-1949

400 1# - SEE FROM TRACING--PERSONAL NAME

  • Personal name: Blondel, Mauritius,
  • Dates associated with a name: 1861-1949

670 ## - SOURCE DATA FOUND

  • Source citation: L'action, 1893:
  • Information found: t.p. (Maurice Blondel)

670 ## - SOURCE DATA FOUND

  • Source citation: Chant nocturne, c1991:
  • Information found: t.p. (M. Blondel) p. 4 cover (Maurice Blondel, 1861-1949)

670 ## - SOURCE DATA FOUND

  • Source citation: NTA, viewed October 27, 2020
  • Information found: (Mauritius Blondel)

670 ## - SOURCE DATA FOUND

  • Source citation: Internet Encyclopedia of Philosophy, October 24, 2017:
  • Information found: (Maurice Blondel, born 1861, died 1949; entered the École Normale Supérieure in 1881, and passed the aggregation in 1886; Ph.D. dissertation was L'action (1893), defended at the Sorbonne; wrote about metaphysics as well as the complex relationship between immanence and transcendence)
  • Uniform Resource Identifier: http://www.iep.utm.edu/blondel/#H2

670 ## - SOURCE DATA FOUND

  • Source citation: Wikipedia, viewed October 27, 2020
  • Information found: (Maurice Blondel, born November 2, 1861 in Dijon, France, died June 4, 1949 in Aix-en-Provence, France; philosopher, whose most influential works, notably L'action, aimed at establishing the correct relationship between autonomous philosophical reasoning and Christian belief)
  • Uniform Resource Identifier: https://en.wikipedia.org/wiki/Maurice_Blondel